Platobné karty a ich využívanie v regióne východného Slovenska

Saved in:
Bibliographic Details
Main Author: Lieskovská, Vanda, 1961-
Other Authors: Gazda, Vladimír
Format: Book Chapter
Language:Slovak
Tags: Add Tag
No Tags, Be the first to tag this record!

MARC

LEADER 00000naa$a2200000$$$4500
001 0103001
005 20240502083246.7
041 0 |a slo 
044 |a CZ 
245 1 0 |a Platobné karty a ich využívanie v regióne východného Slovenska  |c Vanda Lieskovská, Vladimír Gazda 
100 1 |a Lieskovská, Vanda, 1961- 
700 1 |a Gazda, Vladimír